Loading...
Literature - World Literature | 0 | 8 | 1 | 0 | 75 | 72 | 117.88 | 0 | 1 |
Fine Arts - Classical Music | 0 | 7 | 2 | 0 | 60 | 80 | 112.71 | 0 | 2 |
History - Other History | 0 | 6 | 0 | 1 | 60 | 98 | 130.33 | 0 | 0 |
Philosophy | 0 | 5 | 1 | 1 | 45 | 106 | 122.60 | 0 | 0 |
History - European History | 0 | 5 | 2 | 1 | 40 | 96 | 127.80 | 0 | 0 |
Science - Other Science | 0 | 4 | 0 | 0 | 40 | 66 | 120.75 | 0 | 1 |
Current Events | 0 | 3 | 0 | 2 | 30 | 122 | 135.67 | 0 | 0 |
History - World History | 0 | 4 | 2 | 1 | 30 | 107 | 128.00 | 0 | 0 |
Literature - British Literature | 0 | 4 | 2 | 0 | 30 | 119 | 128.50 | 0 | 0 |
Literature - European Literature | 0 | 4 | 2 | 1 | 30 | 104 | 135.25 | 0 | 0 |
Mythology | 0 | 4 | 2 | 0 | 30 | 73 | 123.50 | 0 | 0 |
Religion | 0 | 4 | 2 | 1 | 30 | 101 | 126.75 | 0 | 0 |
Other Academic | 0 | 2 | 0 | 0 | 20 | 91 | 105.00 | 0 | 1 |
Fine Arts - Painting & Sculpture | 0 | 2 | 0 | 0 | 20 | 132 | 139.50 | 0 | 0 |
Literature - American Literature | 0 | 2 | 1 | 0 | 15 | 113 | 118.50 | 0 | 0 |
Social Science | 0 | 2 | 1 | 1 | 15 | 100 | 118.50 | 0 | 0 |
Fine Arts - Other Fine Arts | 0 | 2 | 2 | 0 | 10 | 118 | 119.00 | 0 | 0 |
Science - Physics | 0 | 1 | 0 | 1 | 10 | 130 | 130.00 | 0 | 0 |
History - American History | 0 | 1 | 1 | 0 | 5 | 109 | 109.00 | 0 | 1 |
Geography | 0 | 1 | 1 | 0 | 5 | 107 | 107.00 | 0 | 0 |
Science - Biology | 0 | 1 | 1 | 1 | 5 | 136 | 136.00 | 0 | 0 |
Science - Chemistry | 0 | 0 | 1 | 0 | -5 | 0.00 | 0 | 0 |